| 000 | 00650nam a2200193 a 4500 | ||
|---|---|---|---|
| 005 | 20240919063838.0 | ||
| 008 | 011122s1993 r 000 0 eng d | ||
| 020 | _a968842384X | ||
| 035 | _aUPN01000114054 | ||
| 049 | _aCG | ||
| 050 | 4 |
_aJL1281 _bC8.4 |
|
| 245 | 0 | 0 |
_aCultura política y educación cívica / _ccoord. Jorge Alonso. |
| 260 |
_aMéxico : _bUNAM, Centro de Investigaciones Interdisciplinarias en Humanidades : _bM. A. Porrúa, _cc1993. |
||
| 300 | _a485 p. | ||
| 440 | 3 | _aLa democracia en México : actualidad y perspectivas | |
| 651 | 4 |
_aMéxico _xPolítica y gobierno _94512 |
|
| 650 | 2 |
_aElecciones _zMéxico _95520 |
|
| 905 | _aLibro | ||
| 999 |
_c87962 _d87962 |
||